Normal view
MARC view
- Sharma G & Dalvi M
Entry Personal Name
001 - CONTROL NUMBER
- control field: 118229
003 - CONTROL NUMBER IDENTIFIER
- control field: OSt
005 - DATE AND TIME OF LATEST TRANSACTION
- control field: 20230125045717.0
008 - FIXED-LENGTH DATA ELEMENTS
- fixed length control field: 230125|| aca||aabn | a|a d
040 ## - CATALOGING SOURCE
- Original cataloging agency: OSt
- Transcribing agency: OSt
100 ## - HEADING--PERSONAL NAME
- Personal name: Sharma G & Dalvi M
670 ## - SOURCE DATA FOUND
- Source citation: Work cat.: (OSt)96241: Sharma G 118228, Entrepreneurship Management, 2015